00782cam a2200205 a 450000100100000000500170001000800410002702000150006804000250008308200180010810000340012624500510016026000390021130000210025049000320027150501930030365000230049665000250051983000320054400000530220200929151634.0751028s2001 sp 100 f spa  a8466302042 aDO-SdBNPbspacBNPHU aA863.4bC827t1 aCortázar, Julio,d1914-198410aTodos los fuegos el fuego /cJulio Cortázar. a[Madrid] :bSuma de Letras,c2001. a248 p. ;c18 cm.1 aPunto de la lectura ;v79/30 aLa autopista del sur -- La salud de los enfermos -- Reunión -- La señorita Cora -- La isla a mediodía -- Instrucciones para John Howell -- Todos los fuegos el fuego -- El otro cielo. 4aCuentos argentinos 4aLiteratura argentina 0aPunto de la lectura ;v79/3